Agricultural Holdings (Amendment) (Scotland) Bill (Record no. 112937)

MARC details
000 -LEADER
fixed length control field 00896cad a22002055a 4500
001 - CONTROL NUMBER
control field E154330
008 - FIXED-LENGTH DATA ELEMENTS--GENERAL INFORMATION
fixed length control field 111114s2011 xxk s000 0 eng d
035 ## - SYSTEM CONTROL NUMBER
System control number (Sirsi) u154330
041 0# - LANGUAGE CODE
Language code of text/sound track or separate title eng
110 2# - MAIN ENTRY--CORPORATE NAME
Corporate name or jurisdiction name as entry element Scotland
Subordinate unit Scottish Parliament
9 (RLIN) 5987
245 00 - TITLE STATEMENT
Title Agricultural Holdings (Amendment) (Scotland) Bill
Medium [electronic resource]
260 ## - PUBLICATION, DISTRIBUTION, ETC.
Place of publication, distribution, etc. Edinburgh
Name of publisher, distributor, etc. Scottish Parliament
Date of publication, distribution, etc. 2011
520 ## - SUMMARY, ETC.
Summary, etc. A Bill which amend legislation relating to succession to agricultural tenancies and the review or variation of rent under such tenancies.
590 ## - LOCAL NOTE (RLIN)
Local note KA
650 24 - SUBJECT ADDED ENTRY--TOPICAL TERM
Topical term or geographic name entry element AGRICULTURAL HOLDINGS (AMENDMENT) (SCOTLAND) BILL 2011
651 #4 - SUBJECT ADDED ENTRY--GEOGRAPHIC NAME
Geographic name Scotland
Chronological subdivision 1999-
690 ## - LOCAL SUBJECT ADDED ENTRY--TOPICAL TERM (OCLC, RLIN)
Topical term or geographic name as entry element ENVIRONMENTAL AND LAND CONSULTANCY-AGRIBUSINESS-AGRICULTURE
856 40 - ELECTRONIC LOCATION AND ACCESS
Uniform Resource Identifier <a href="https://www.scottish.parliament.uk/parliamentarybusiness/Bills/43317.aspx">https://www.scottish.parliament.uk/parliamentarybusiness/Bills/43317.aspx</a>
Public note View the Bill free of charge at www.scottish.parliament.uk
942 ## - ADDED ENTRY ELEMENTS (KOHA)
Suppress in OPAC 0
Holdings
Withdrawn status Lost status Source of classification or shelving scheme Damaged status Not for loan Home library Current library Shelving location Date acquired Total Checkouts Full call number Barcode Date last seen Copy number Price effective from Koha item type
    Dewey Decimal Classification     Virtual Virtual Online 14/11/2011   ONLINE PUBLICATION 154330-1001 06/08/2019 1 06/08/2019 Book